000 00589nam a22001817a 4500
005 20171114095601.0
010 _aENG-121374
020 _c100.00
_a9788188741649
035 _aEN-104906
037 _bDBAD/PUB
082 _a133.323
100 _aSharma Shrotriya,Bhaskar
245 _aTips of vastu-fengshui/
_cby Bhaskar Sharma Shrotriya,
260 _aJaipur
_bRastriya Sanskrit Sahitya Kendra
_c2012
270 _a222,Bihariji Ki Gali,Sonkhiyo ka Rasta,Kishanpol Bazar,Jaippur
_bJaipur
300 _a88p. :
_c22cm(pbk)
_bill.
942 _2ddc
_cEN
_mSHR
_h133.323
999 _c147379
_d147379